الشامل في الصناعة الطبية / (Record no. 6451)
[ view plain ]
| 000 -الفاتح | |
|---|---|
| حقل البيانات ثابتة الطول | 01554nac a22002895a 4500 |
| 003 - محدد رقم الضبط | |
| رقم الضبط | EG-ScBUE |
| 005 - وقت وتاريخ اخر تعامل مع التسجيلة | |
| رقم الضبط | 20210915110626.0 |
| 008 - عناصر البيانات ثابتة الطول - معلومات عامة | |
| حقل البيانات ثابتة الطول | 101124s2002 ts a f be 000 0 ara d |
| 040 ## - مصدر الفهرسة | |
| وكالة الفهرسة الأصلية | EG-ScBUE |
| لغة الفهرسة | ara |
| قواعد الوصف | rda |
| وكالة النسخ | EG-ScBUE |
| وكالة التعديل | EG-ScBUE |
| 082 04 - رقم تصنيف ديوى العشرى | |
| رقم التصنيف | 610.3 |
| رقم المادة | ن ف ي |
| رقم الطبعة | 22 |
| 100 1# - المدخل الرئيسى - إسم شخصى | |
| الإسم الشخصى | ابن النفيس، علي بن أبي الحزم، |
| التواريخ المصاحبة للاسم | 1210 or 1211-1288، |
| الدور | مؤلف. |
| 245 12 - بيان العنوان | |
| العنوان | الشامل في الصناعة الطبية / |
| بيان المسئوليه,etc | لعلاء الدين (ابن النفيس) القرشي ؛ دراسة وتحقيق يوسف زيدان. |
| 246 34 - العنوان الموازى | |
| عنوان صحيح/عنوان مختصر | Shāmil fī al-ṣināʻah al-ṭibbīyah |
| 264 #1 - النشر، التوزيع | |
| مكان الناشر او الموزع | أبو ظبي : |
| اسم الناشر او الموزع | منشورات المجمع الثقافي، |
| تاريخ النشر أو التوزيع | 2002. |
| 300 ## - الوصف المادى | |
| التعداد | 13 مجلد : |
| تفاصيل ماديه اخرى للوعاء | إيضاحيات ؛ |
| أبعاد الوعاء | 24 سم |
| 336 ## - نوع المحتوى | |
| source | rdacontent |
| Carrier Type Term | نص |
| Content Type Code | txt |
| 337 ## - نوع الوسيط | |
| source | rdamedia |
| Media Type Term | بدون وسيط |
| Media Type Code | n |
| 338 ## - نوع الحامل أو الناقل | |
| source | rdacarrier |
| Carrier Type Term | مجلد |
| Carrier Type Code | nc |
| 504 ## - تبصرة ببليوجرافية | |
| تبصرة ببليوجرافية,الخ | يشتمل على إرجاعات ببليوجرافية. |
| 505 2# - تبصرة محتويات-الفهرس | |
| تبصرة المحتويات المصاغة | مج. 7. الأدوية والأغذية : كتاب التاء -- مج. 8. كتاب الثاء، أول كتاب الجيم -- مج. 9. بقية كتاب الجيم، أول كتاب الحاء -- مج. 10. بقية كتاب الحاء، كتاب الخاء -- مج. 12، 13. كتاب الدال، كتاب الذال، كتاب الراء، وأول كتاب الزاي. |
| 541 ## - تبصرة المصدر المباشر للتزويد | |
| مصدر التزويد | Donation. |
| 650 #7 - المدخل الاضافى بالموضوع-مصطلح موضوعى | |
| مصطلح موضوعي أو اسم جغرافي كعنصر مدخل | الطب |
| التقسيم الفرعي الشكلي | دوائر معارف. |
| مصدر الرأس أو المصطلح | BUEsh |
| 651 ## - المدخل الاضافى بالموضوع - اسم جغرافى | |
| مصدر الرأس أو المصطلح | BUEsh |
| 653 ## - مصطلح تكشيفى غير مقيد | |
| Resource For college | Pharmacy |
| -- | Generalities |
| Arrived date list | January2017 |
| -- | January2018 |
| -- | February2018 |
| 700 1# - المدخل الاضافى - اسم شخصى | |
| الإسم الشخصى | زيدان، يوسف، |
| الدور | محقق. |
| 942 ## - عناصر المدخل الإضافي( كوها) | |
| مصدر التصنيف او مخطط الترفيف | Dewey Decimal Classification |
| حالة التراجع | حالة الفقد | مصدر التصنيف او خطة الترفيف | حالة تلف | ليس للاعارة | مجموعات كوها | المكان الدائم | المكان الحالي | موقع الترفيف | تاريخ الاكتساب | Source of acquisition | سعر الشراء الطبيعي | تعداد مسلسل / التسلسل الزمني | رقم الاستدعاء | الباركود | Date last seen | مُعار | نوع الوعاء | تبصرة عامة |
|---|---|---|---|---|---|---|---|---|---|---|---|---|---|---|---|---|---|---|
| Dewey Decimal Classification | Alef-Baa | Central Library | Central Library | First floor | 25/11/2007 | Purchase | 72.50 | 6451 | 610.3 ن ف ي | 000007934 | 15/07/2025 | 25/10/2008 | Reference (NB) | مج. 7 | ||||
| Dewey Decimal Classification | Alef-Baa | Central Library | Central Library | First floor | 25/11/2010 | Purchase | 610.3 ن ف ي | 000007935 | 15/07/2025 | Reference (NB) | مج. 10 | |||||||
| Dewey Decimal Classification | Alef-Baa | Central Library | Central Library | First floor | 02/06/2011 | Purchase | 610.3 ن ف ي | 000023816 | 15/07/2025 | Reference (NB) | ||||||||
| Dewey Decimal Classification | Alef-Baa | Central Library | Central Library | First floor | 02/06/2011 | Purchase | 610.3 ن ف ي | 000023817 | 15/07/2025 | Reference (NB) | مج. 8 | |||||||
| Dewey Decimal Classification | Alef-Baa | Central Library | Central Library | First floor | 02/06/2011 | Purchase | 610.3 ن ف ي | 000023818 | 15/07/2025 | Reference (NB) | مج. 12، 13 | |||||||
| Dewey Decimal Classification | Alef-Baa | Central Library | Central Library | First floor | 14/06/2011 | Purchase | 610.3 ن ف ي | 000024208 | 15/07/2025 | Reference (NB) | مج. 9. | |||||||
| Dewey Decimal Classification | Alef-Baa | Central Library | Central Library | First floor | 14/06/2011 | Purchase | 610.3 ن ف ي | 000024206 | 15/07/2025 | Reference (NB) | مج. 9 | |||||||
| Dewey Decimal Classification | Alef-Baa | Central Library | Central Library | First floor | 14/06/2011 | Purchase | 610.3 ن ف ي | 000024205 | 15/07/2025 | Reference (NB) | مج. 8 | |||||||
| Dewey Decimal Classification | Alef-Baa | Central Library | Central Library | First floor | 01/08/2011 | Purchase | 610.3 ن ف ي | 000023040 | 15/07/2025 | Reference (NB) | مج. 7 | |||||||
| Dewey Decimal Classification | Alef-Baa | Central Library | Central Library | First floor | 01/08/2011 | Purchase | 610.3 ن ف ي | 000023039 | 15/07/2025 | Reference (NB) | مج. 10 |